000 00570nam a22002057a 4500
005 20251108174939.0
008 250721s2002 xx 000 0 ara d
020 _a9770907839
082 1 4 _a338.19/آمو
100 1 _aآموس، جانين
_eمؤلف
245 1 0 _aإطعام العالم /
264 1 _aالقاهرة :
_bدار الشروق،
_c2002.
300 _a32 ص.
650 1 7 _aالأغذية
650 1 7 _aالصحة
653 _aتوفير الغذاء
700 1 _aأمل، الشاذلي
_eمترجم
942 _2ddc
_cBK
999 _c122217
_d122217